| 000 | 00694nam a2200217Ia 4500 | ||
|---|---|---|---|
| 008 | 160114s9999 xx 000 0 und d | ||
| 020 | _a0-895656949 | ||
| 050 | _aFic | ||
| 050 | _b.M739l 1988 | ||
| 100 | _aMoncure, Jane Belk. | ||
| 245 |
_aLittle Too-Tall / _cby Jane Belk Moncure ; illustrated by Linda Hohag and Dan Spoden. |
||
| 260 |
_aMankato, Minnesota : _bThe Child's World. _c1998 |
||
| 300 |
_a31 pages; _bcolor illustrations ; _c20 x 24 cm. |
||
| 500 | _a"A book about being careful"--Cover. | ||
| 650 | _aAnimals -- | ||
| 650 | _aFriendship -- | ||
| 650 | _aOstriches -- | ||
| 650 | _xJuvenile fiction. | ||
| 650 | _xJuvenile fiction. | ||
| 650 | _xJuvenile fiction. | ||
| 999 |
_c290342 _d290342 |
||